| 000 | 00910nam a2200301 a 4500 | ||
|---|---|---|---|
| 001 | 000110476 | ||
| 003 | CHAP | ||
| 005 | 20220329144135.0 | ||
| 008 | 140902s2012 mx a |r| |||||||spa d | ||
| 010 | _a106938 | ||
| 011 | _a107910 | ||
| 020 | _a9786070237805 | ||
| 040 | _cCHAP | ||
| 090 | _aFolleto 18472 | ||
| 245 | 0 | 3 |
_aEl camote de Puebla o camote de Santa Clara : _bcadena de producción a consumo / _cpor Francisco Basurto ...[et al.]. |
| 260 |
_aMéxico, D.F. : _bUNAM. Instituto de Biología, _c2012. |
||
| 300 |
_a33 p. : _bil. |
||
| 590 |
_aE11695DGD _b10 _c20140905 _lUCH01 _h1359 |
||
| 590 |
_aE6096MTM _b05 _c20140902 _lUCH01 _h1439 |
||
| 650 | 1 | 4 |
_aCamote _xRendimiento. _917903 |
| 650 | 1 | 4 |
_aCamote _xSubproductos. _917906 |
| 650 | 1 | 4 |
_aConfitería. _926640 |
| 650 | 1 | 4 |
_aRecetas de cocina. _994984 |
| 700 | 1 |
_aBasurto, Francisco _9128178 |
|
| 901 | _aBK | ||
| 942 | _cFOLL | ||
| 942 | _n0 | ||
| 999 |
_c106938 _d106938 |
||